English speech act verbs : a semantic dictionary /

Bibliographic Details
Main Author: Wierzbicka, Anna
Format: Book
Language:English
Published: Sydney, NSW ; Orlando, Fla. : Academic Press, [1987]
Subjects:

MARC

Tag First Indicator Second Indicator Subfields
LEADER 00000cam a2200000 a 4500
001 in00000018840
005 20151007054059.0
008 880128s1987 at b 00110 eng d
010 |a  87070847  
020 |a 0123128102 
035 |a (OCoLC)17403863 
035 |9 AAB3917AM 
040 |a DLM  |c DLM  |d AZS  |d TXA  |d UtOrBLW 
049 |a TXAM  |c [A11072601] 
050 4 |a PE1319  |b .W54 1987 
100 1 |a Wierzbicka, Anna. 
245 1 0 |a English speech act verbs :  |b a semantic dictionary /  |c Anna Wierzbicka. 
264 1 |a Sydney, NSW ;  |a Orlando, Fla. :  |b Academic Press,  |c [1987] 
264 4 |c ©1987 
300 |a viii, 397 pages ;  |c 24 cm. 
336 |a text  |b txt  |2 rdacontent 
337 |a unmediated  |b n  |2 rdamedia 
338 |a volume  |b nc  |2 rdacarrier 
504 |a Bibliography: pages 388-394. 
500 |a Includes index. 
650 0 |a English language  |x Verb  |v Dictionaries. 
650 0 |a English language  |x Semantics. 
650 0 |a Speech acts (Linguistics) 
999 |a MARS 
999 f f |s 00970aa5-b40c-383f-a5af-3c7700b35960  |i a5ab0c2f-8622-37f0-a5d5-2a76e32ff780  |t 0 
952 f f |p normal  |a Texas A&M University  |b College Station  |c Sterling C. Evans Library  |d Evans: Library Stacks  |t 0  |e PE1319 .W54 1987  |h Library of Congress classification  |i unmediated -- volume  |m A14811072601 
998 f f |a PE1319 .W54 1987  |t 0  |l Evans: Library Stacks